| 000 | 00574nam a2200157Ia 4500 | ||
|---|---|---|---|
| 008 | 230917s9999||||xx |||||||||||||| ||und|| | ||
| 040 |
_e80818 _aMAIN |
||
| 041 | _aEnglish | ||
| 082 | _a346.032 R18C(5) | ||
| 100 | _aRao, C Kameshwara | ||
| 245 | 0 | _aC Kameshwara Rao's treatise on law of damages and compensation along with law of negligence: being a critical and exlanatory treatment of the principles of the measure of damages for freach of contracts and civil wrings 3v | |
| 250 | _a5th ed. | ||
| 260 |
_aAllahabad _bLaw _c1992 |
||
| 300 | _axliv, 850 p. | ||
| 942 | _cBK | ||
| 999 |
_c70455 _d70455 |
||